| 000 | 00889nam a22001937a 4500 | ||
|---|---|---|---|
| 999 |
_c60613 _d60613 |
||
| 003 | Ge_BSU | ||
| 005 | 20230921164309.0 | ||
| 008 | 230921s2020 ge ||||| |||| 00| 0 geo d | ||
| 020 | _a 9789941311758 | ||
| 041 | _ageo | ||
| 080 | _a821.411.21 ი-93 | ||
| 100 |
_a იუნისი იმან ჰუმაიდან _919863 |
||
| 245 |
_aასო „ბ“ სიტყვებში: „ბინა“, „ბეირუთი“... / _cიმან ჰუმაიდან იუნისი; არაბულიდან თარგმნა დარეჯან გარდავაძემ. |
||
| 264 |
_bინტელექტი, _c 2020. |
||
| 300 |
_a232 გვ. ; _b21 სმ. |
||
| 653 | _aარაბული რომანი | ||
| 700 |
_aგარდავაძე, დარეჯან _eმთარგმნელი _92409 |
||
| 942 |
_2udc _cBK |
||